000 00916nam a2200265Ia 4500
003 OSt
005 20221005110315.0
006 a|||||r|||| 00| 0
007 ta
008 221004b |||||||| |||| 00| 0 hin d
020 _a9789381582329 (hbk)
024 _a27425
037 _bGift, 26/07/2016,
_cTextual
040 _aCRL
_cCRL
_bhin
041 _2hin
_ahin
082 _aO152,1N801x, Q2
100 _aखिल्लन, पूजा
245 0 _aहाशिए की आग
_b कविता संग्रह
246 _aHāshie kī āga: kavitā sangraha
260 _aनई दिल्ली
_bस्वराज प्रकाशन भारत
_c2012
300 _a104पृ0
_ccm.
650 _aहिन्दी साहित्य
942 _hO152,1N801x, Q2
_cTEXL
_2cc
999 _c1018408
_d1018408